<?xml version="1.0" encoding="UTF-8"?>
<record
    xmlns:xsi="http://www.w3.org/2001/XMLSchema-instance"
    xsi:schemaLocation="http://www.loc.gov/MARC21/slim http://www.loc.gov/standards/marcxml/schema/MARC21slim.xsd"
    xmlns="http://www.loc.gov/MARC21/slim">

  <leader>00725cam a22002052  4500</leader>
  <controlfield tag="001">ca 36000709 </controlfield>
  <controlfield tag="003">DLC</controlfield>
  <controlfield tag="005">20260227111141.0</controlfield>
  <controlfield tag="008">840817s1921    er            000 0 est  </controlfield>
  <datafield tag="010" ind1=" " ind2=" ">
    <subfield code="a">ca 36000709 </subfield>
  </datafield>
  <datafield tag="040" ind1=" " ind2=" ">
    <subfield code="a">DLC</subfield>
    <subfield code="c">CarP</subfield>
    <subfield code="d">DLC</subfield>
  </datafield>
  <datafield tag="050" ind1="0" ind2="0">
    <subfield code="a">PH625</subfield>
    <subfield code="b">.A2 1921</subfield>
  </datafield>
  <datafield tag="051" ind1=" " ind2=" ">
    <subfield code="a">PH625</subfield>
    <subfield code="b">.A2 1921 Copy 2</subfield>
    <subfield code="c">Copy 2</subfield>
  </datafield>
  <datafield tag="100" ind1="1" ind2=" ">
    <subfield code="a">Aavik, Johannes,</subfield>
    <subfield code="d">1880-1973.</subfield>
  </datafield>
  <datafield tag="245" ind1="0" ind2="0">
    <subfield code="a">Uute s&#xF4;nade ja v&#xE4;hem tuntud s&#xF5;nade s&#xF4;nastik, sisaldab yle 4000 uuema ja v&#xE4;hem tuntud ning haruldasema s&#xF5;na.</subfield>
    <subfield code="c">Kokku s&#xE4;&#xE4;dnud Joh. Aavik.</subfield>
  </datafield>
  <datafield tag="250" ind1=" " ind2=" ">
    <subfield code="a">2. parandet ja suuresti t&#xE4;iendet trykk.</subfield>
  </datafield>
  <datafield tag="260" ind1=" " ind2=" ">
    <subfield code="a">Tallinnas,</subfield>
    <subfield code="b">A. Keisermann,</subfield>
    <subfield code="c">1921.</subfield>
  </datafield>
  <datafield tag="300" ind1=" " ind2=" ">
    <subfield code="a">160 p.</subfield>
    <subfield code="c">21 cm.</subfield>
  </datafield>
  <datafield tag="650" ind1=" " ind2="0">
    <subfield code="a">Estonian language</subfield>
    <subfield code="v">Glossaries, vocabularies, etc.</subfield>
  </datafield>
  <datafield tag="999" ind1=" " ind2=" ">
    <subfield code="c">18114</subfield>
    <subfield code="d">18114</subfield>
  </datafield>
</record>
